[Event "msr2018"]
[Site "?"]
[Date "2018.04.24"]
[Round "6.1"]
[White "Jakab, Bela"]
[Black "Sandor, Martin"]
[Result "1-0"]
[BlackElo "1964"]
[WhiteElo "2258"]
[LiveChessVersion "1.4.8"]

1. e4 {[%clk 1:30:58]} c5 {[%clk 1:30:49]} 2. c3 {[%clk 1:31:20]} Nf6
{[%clk 1:31:13]} 3. e5 {[%clk 1:31:45]} Nd5 {[%clk 1:31:38]} 4. Bc4
{[%clk 1:32:08]} e6 {[%clk 1:31:28]} 5. Nf3 {[%clk 1:32:14]} d6 {[%clk 1:31:31]}
6. exd6 {[%clk 1:32:00]} Bxd6 {[%clk 1:30:26]} 7. d4 {[%clk 1:30:43]} O-O
{[%clk 1:29:12]} 8. Nbd2 {[%clk 1:27:37]} Nb6 {[%clk 1:24:51]} 9. Bb3
{[%clk 1:27:50]} Nc6 {[%clk 1:23:50]} 10. dxc5 {[%clk 1:22:50]} Bxc5
{[%clk 1:23:53]} 11. O-O {[%clk 1:23:10]} Qc7 {[%clk 1:21:32]} 12. Ne4
{[%clk 1:20:30]} Rd8 {[%clk 1:19:35]} 13. Qe2 {[%clk 1:20:39]} Be7
{[%clk 1:19:30]} 14. Bc2 {[%clk 1:13:55]} Nd5 {[%clk 1:10:03]} 15. c4
{[%clk 1:09:35]} Nf6 {[%clk 1:08:00]} 16. Bg5 {[%clk 1:06:01]} Nxe4
{[%clk 0:59:46]} 17. Qxe4 {[%clk 1:05:41]} g6 {[%clk 0:59:27]} 18. Rfd1
{[%clk 1:01:24]} Rxd1+ {[%clk 0:53:15]} 19. Rxd1 {[%clk 1:01:46]} e5
{[%clk 0:53:31]} 20. Qh4 {[%clk 0:59:32]} Bxg5 {[%clk 0:47:08]} 21. Nxg5
{[%clk 0:58:19]} f5 {[%clk 0:46:22]} 22. c5 {[%clk 0:54:17]} Nd4 {[%clk 0:36:35]}
23. Bb3+ {[%clk 0:54:10]} Nxb3 {[%clk 0:34:29]} 24. Rd8+ {[%clk 0:54:26]} 1-0

[Event "msr2018"]
[Site "?"]
[Date "2018.04.24"]
[Round "6.2"]
[White "Haring, Filip"]
[Black "Sahidi, Samir"]
[Result "1-0"]
[BlackElo "2238"]
[WhiteElo "2339"]
[LiveChessVersion "1.4.8"]

1. e4 {[%clk 1:30:40]} e5 {[%clk 1:29:46]} 2. Nf3 {[%clk 1:30:52]} Nc6
{[%clk 1:30:01]} 3. d4 {[%clk 1:30:38]} exd4 {[%clk 1:28:38]} 4. Bc4
{[%clk 1:29:02]} Nf6 {[%clk 1:25:12]} 5. O-O {[%clk 1:29:04]} Nxe4
{[%clk 1:21:11]} 6. Re1 {[%clk 1:28:55]} d5 {[%clk 1:21:36]} 7. Bxd5
{[%clk 1:29:12]} Qxd5 {[%clk 1:21:56]} 8. Nc3 {[%clk 1:29:36]} Qh5
{[%clk 1:05:26]} 9. Nxe4 {[%clk 1:29:33]} Be7 {[%clk 1:05:40]} 10. Bg5
{[%clk 1:27:20]} O-O {[%clk 0:57:35]} 11. Ng3 {[%clk 1:26:19]} Qg6
{[%clk 0:54:19]} 12. Bxe7 {[%clk 1:26:40]} Re8 {[%clk 0:54:32]} 13. Nh4
{[%clk 1:19:57]} Qg4 {[%clk 0:53:20]} 14. f3 {[%clk 1:16:32]} Qd7
{[%clk 0:50:24]} 15. Ba3 {[%clk 1:14:47]} b6 {[%clk 0:45:07]} 16. Rxe8+
{[%clk 1:13:36]} Qxe8 {[%clk 0:45:32]} 17. Qe1 {[%clk 1:11:30]} Be6
{[%clk 0:41:47]} 18. Qe4 {[%clk 1:09:42]} Rd8 {[%clk 0:40:39]} 19. Nhf5
{[%clk 1:06:16]} Rd5 {[%clk 0:39:15]} 20. c4 {[%clk 0:59:19]} dxc3
{[%clk 0:38:09]} 21. bxc3 {[%clk 0:58:53]} Qd7 {[%clk 0:36:55]} 22. Re1
{[%clk 0:49:38]} Re5 {[%clk 0:31:14]} 23. Qb1 {[%clk 0:49:50]} Bxa2
{[%clk 0:27:03]} 24. Qc1 {[%clk 0:46:17]} Rxe1+ {[%clk 0:21:41]} 25. Qxe1
{[%clk 0:46:45]} Be6 {[%clk 0:17:57]} 26. Qe4 {[%clk 0:42:25]} Nd8
{[%clk 0:14:21]} 27. h3 {[%clk 0:36:17]} c5 {[%clk 0:13:46]} 28. c4
{[%clk 0:33:58]} f6 {[%clk 0:11:20]} 29. Bb2 {[%clk 0:32:30]} Bxf5
{[%clk 0:09:34]} 30. Nxf5 {[%clk 0:32:36]} Kf7 {[%clk 0:08:37]} 31. Qf4
{[%clk 0:27:09]} Ne6 {[%clk 0:06:58]} 32. Qd6 {[%clk 0:25:27]} Nf8
{[%clk 0:05:46]} 33. Qf4 {[%clk 0:20:14]} Ne6 {[%clk 0:05:17]} 34. Qh4
{[%clk 0:16:24]} Qd1+ {[%clk 0:03:20]} 35. Kh2 {[%clk 0:16:53]} Ng5
{[%clk 0:02:49]} 36. Qf4 {[%clk 0:14:56]} Ne6 {[%clk 0:02:36]} 37. Qd6
{[%clk 0:13:51]} Qxd6+ {[%clk 0:00:35]} 38. Nxd6+ {[%clk 0:14:15]} Kg6
{[%clk 0:00:35]} 39. Nc8 {[%clk 0:12:16]} Kf5 {[%clk 0:00:37]} 40. Nxa7
{[%clk 0:09:47]} Nf8 {[%clk 0:00:33]} 41. Kg3 {[%clk 0:09:26]} g5
{[%clk 0:00:39]} 42. Kf2 {[%clk 0:09:26]} h5 {[%clk 0:00:51]} 43. Nc8
{[%clk 0:09:26]} Nd7 {[%clk 0:01:14]} 44. Ke3 {[%clk 0:08:43]} h4
{[%clk 0:00:59]} 45. Nd6+ {[%clk 0:08:21]} Ke6 {[%clk 0:00:57]} 46. Ne4
{[%clk 0:08:26]} Kf5 {[%clk 0:30:40]} 47. Bc3 {[%clk 0:39:23]} Kg6
{[%clk 0:30:17]} 48. Nd6 {[%clk 0:38:55]} f5 {[%clk 0:27:34]} 49. Bb2
{[%clk 0:39:21]} Nf8 {[%clk 0:27:36]} 50. Nc8 {[%clk 0:39:47]} Ne6
{[%clk 0:25:26]} 51. Ne7+ {[%clk 0:37:45]} Kf7 {[%clk 0:24:15]} 52. Nxf5
{[%clk 0:38:08]} Nf4 {[%clk 0:24:19]} 53. Nxh4 {[%clk 0:35:52]} Ke6
{[%clk 0:24:17]} 54. g3 {[%clk 0:35:12]} Nh5 {[%clk 0:24:24]} 55. g4
{[%clk 0:34:50]} Nf4 {[%clk 0:24:33]} 56. Nf5 {[%clk 0:34:59]} Nxh3
{[%clk 0:24:56]} 57. Ng3 {[%clk 0:35:01]} Kd6 {[%clk 0:24:08]} 58. Ne4+
{[%clk 0:35:05]} Kc6 {[%clk 0:24:13]} 59. Bf6 {[%clk 0:35:19]} Nf4
{[%clk 0:24:13]} 60. Bxg5 {[%clk 0:35:16]} Ng6 {[%clk 0:24:31]} 61. f4
{[%clk 0:35:30]} b5 {[%clk 0:24:30]} 62. cxb5+ {[%clk 0:35:56]} Kxb5
{[%clk 0:24:54]} 63. Bf6 {[%clk 0:36:13]} 1-0

[Event "msr2018"]
[Site "?"]
[Date "2018.04.24"]
[Round "6.3"]
[White "Bielik, Jakub"]
[Black "Verbovsky, Michal"]
[Result "1/2-1/2"]
[BlackElo "1924"]
[WhiteElo "1939"]
[LiveChessVersion "1.4.8"]

1. e4 {[%clk 1:30:54]} d6 {[%clk 1:29:57]} 2. d4 {[%clk 1:31:19]} Nf6
{[%clk 1:30:20]} 3. Nc3 {[%clk 1:31:44]} Nbd7 {[%clk 1:30:42]} 4. Nf3
{[%clk 1:31:45]} e5 {[%clk 1:30:54]} 5. Be2 {[%clk 1:29:14]} Be7 {[%clk 1:30:16]}
6. O-O {[%clk 1:28:52]} O-O {[%clk 1:30:28]} 7. h3 {[%clk 1:28:12]} c6
{[%clk 1:29:47]} 8. a4 {[%clk 1:27:39]} Qc7 {[%clk 1:28:58]} 9. Bg5
{[%clk 1:24:41]} h6 {[%clk 1:27:14]} 10. Be3 {[%clk 1:24:30]} Re8
{[%clk 1:26:19]} 11. Re1 {[%clk 1:19:35]} Nf8 {[%clk 1:24:02]} 12. Bc4
{[%clk 1:15:02]} Ng6 {[%clk 1:18:25]} 13. Qd2 {[%clk 1:14:49]} Bf8
{[%clk 1:14:44]} 14. dxe5 {[%clk 1:11:37]} dxe5 {[%clk 1:14:38]} 15. Rad1
{[%clk 1:11:54]} Be6 {[%clk 1:10:23]} 16. Qe2 {[%clk 1:09:29]} Bxc4
{[%clk 0:58:30]} 17. Qxc4 {[%clk 1:09:55]} a6 {[%clk 0:55:09]} 18. b4
{[%clk 1:06:06]} a5 {[%clk 0:50:04]} 19. b5 {[%clk 1:04:41]} Bb4 {[%clk 0:48:43]}
20. Nd2 {[%clk 0:55:53]} Qe7 {[%clk 0:39:24]} 21. bxc6 {[%clk 0:51:57]} bxc6
{[%clk 0:39:35]} 22. Ne2 {[%clk 0:52:15]} Bxd2 {[%clk 0:35:26]} 23. Rxd2
{[%clk 0:51:27]} Qb4 {[%clk 0:35:03]} 24. Qxb4 {[%clk 0:47:59]} axb4
{[%clk 0:35:25]} 25. Ra1 {[%clk 0:48:24]} Nxe4 {[%clk 0:35:35]} 26. Rd7
{[%clk 0:48:47]} Re7 {[%clk 0:33:50]} 27. Rxe7 {[%clk 0:48:14]} Nxe7
{[%clk 0:34:13]} 28. f3 {[%clk 0:48:36]} Nd5 {[%clk 0:29:25]} 29. Bxh6
{[%clk 0:46:03]} Nc5 {[%clk 0:28:54]} 30. Bg5 {[%clk 0:43:08]} Rxa4
{[%clk 0:28:13]} 31. Rxa4 {[%clk 0:43:34]} Nxa4 {[%clk 0:28:35]} 32. Kf2
{[%clk 0:43:28]} f6 {[%clk 0:27:27]} 33. Bd2 {[%clk 0:43:30]} Kf7
{[%clk 0:26:48]} 34. Nc1 {[%clk 0:42:55]} Ke6 {[%clk 0:24:32]} 35. Nd3
{[%clk 0:42:50]} c5 {[%clk 0:23:55]} 36. Be1 {[%clk 0:42:14]} Kd6
{[%clk 0:24:07]} 37. h4 {[%clk 0:40:39]} g6 {[%clk 0:23:25]} 38. g4
{[%clk 0:40:38]} Nab6 {[%clk 0:22:47]} 39. h5 {[%clk 0:37:39]} gxh5
{[%clk 0:22:46]} 40. gxh5 {[%clk 0:38:05]} Nd7 {[%clk 0:21:31]} 41. Kg3
{[%clk 0:36:51]} Nf8 {[%clk 0:19:34]} 42. Bf2 {[%clk 0:36:28]} Ne6
{[%clk 0:15:43]} 43. h6 {[%clk 0:35:13]} Ne7 {[%clk 0:14:10]} 44. Kg4
{[%clk 0:35:21]} c4 {[%clk 0:21:22]} 45. Nxb4 {[%clk 1:05:00]} f5+
{[%clk 0:18:51]} 46. Kg3 {[%clk 1:02:02]} Ng6 {[%clk 0:16:03]} 47. Ba7
{[%clk 0:59:23]} Nd8 {[%clk 0:13:21]} 48. Bb8+ {[%clk 0:55:05]} Ke6
{[%clk 0:13:00]} 49. h7 {[%clk 0:54:46]} Nf7 {[%clk 0:12:32]} 50. Nc6
{[%clk 0:54:48]} Kd5 {[%clk 0:11:08]} 51. Nb4+ {[%clk 0:51:45]} Kc5
{[%clk 0:10:43]} 52. c3 {[%clk 0:52:12]} Kb6 {[%clk 0:10:19]} 53. f4
{[%clk 0:52:34]} exf4+ 1/2-1/2

[Event "msr2018"]
[Site "?"]
[Date "2018.04.24"]
[Round "6.4"]
[White "Ferencak, Jakub"]
[Black "Franko, Ondrej"]
[Result "1-0"]
[BlackElo "1968"]
[WhiteElo "1974"]
[LiveChessVersion "1.4.8"]

1. d4 {[%clk 1:30:32]} d5 {[%clk 1:30:55]} 2. c4 {[%clk 1:30:34]} c6
{[%clk 1:31:21]} 3. Nc3 {[%clk 1:30:54]} Nf6 {[%clk 1:31:47]} 4. Nf3
{[%clk 1:31:21]} dxc4 {[%clk 1:32:12]} 5. e3 {[%clk 1:30:33]} b5 {[%clk 1:32:08]}
6. a4 {[%clk 1:30:54]} b4 {[%clk 1:32:35]} 7. Na2 {[%clk 1:31:16]} e6
{[%clk 1:32:16]} 8. Bxc4 {[%clk 1:29:05]} a5 {[%clk 1:31:53]} 9. O-O
{[%clk 1:28:53]} Ba6 {[%clk 1:31:49]} 10. Bxa6 {[%clk 1:28:57]} Nxa6
{[%clk 1:32:08]} 11. Qd3 {[%clk 1:28:55]} Be7 {[%clk 1:26:46]} 12. b3
{[%clk 1:21:42]} O-O {[%clk 1:26:34]} 13. Bb2 {[%clk 1:22:09]} Qb6
{[%clk 1:23:49]} 14. Rac1 {[%clk 1:21:10]} Rfd8 {[%clk 1:23:36]} 15. Rc4
{[%clk 1:19:48]} Rac8 {[%clk 1:21:36]} 16. Rfc1 {[%clk 1:18:17]} Qb7
{[%clk 1:13:28]} 17. h3 {[%clk 1:14:52]} Ne8 {[%clk 1:10:21]} 18. Qc2
{[%clk 1:08:09]} c5 {[%clk 1:05:30]} 19. dxc5 {[%clk 1:07:26]} Rxc5
{[%clk 1:05:45]} 20. Bd4 {[%clk 1:04:34]} Rxc4 {[%clk 1:05:16]} 21. Qxc4
{[%clk 1:04:26]} Nd6 {[%clk 1:03:36]} 22. Qc6 {[%clk 1:04:30]} Rc8
{[%clk 0:59:56]} 23. Qxb7 {[%clk 0:59:34]} Rxc1+ {[%clk 1:00:20]} 24. Nxc1
{[%clk 0:59:52]} Nxb7 {[%clk 1:00:47]} 25. Ne5 {[%clk 0:59:17]} Bc5
{[%clk 0:55:31]} 26. Ncd3 {[%clk 0:55:43]} Bxd4 {[%clk 0:53:50]} 27. exd4
{[%clk 0:56:04]} Nb8 {[%clk 0:52:47]} 28. Nc5 {[%clk 0:55:28]} Nd6
{[%clk 0:52:52]} 29. Kf1 {[%clk 0:48:59]} Kf8 {[%clk 0:49:43]} 30. Ke2
{[%clk 0:48:57]} Ke7 {[%clk 0:49:32]} 31. Kd3 {[%clk 0:47:29]} f6
{[%clk 0:48:59]} 32. Nc4 {[%clk 0:47:30]} Nc6 {[%clk 0:46:15]} 33. Nxd6
{[%clk 0:45:10]} Kxd6 {[%clk 0:46:21]} 34. Kc4 {[%clk 0:45:32]} f5
{[%clk 0:32:03]} 35. Nxe6 {[%clk 0:34:13]} Kxe6 {[%clk 0:31:57]} 36. d5+
{[%clk 0:34:38]} Kd6 {[%clk 0:32:19]} 37. dxc6 {[%clk 0:35:02]} Kxc6
{[%clk 0:32:46]} 38. g3 {[%clk 0:35:08]} g5 {[%clk 0:32:00]} 39. Kd4
{[%clk 0:34:32]} Kd6 {[%clk 0:32:23]} 40. f3 {[%clk 0:34:56]} f4 {[%clk 0:28:57]}
41. gxf4 {[%clk 0:34:44]} gxf4 {[%clk 0:29:17]} 42. Ke4 {[%clk 0:35:04]} Kc5
{[%clk 0:29:43]} 43. Ke5 {[%clk 0:35:03]} Kc6 {[%clk 0:18:23]} 44. Kxf4
{[%clk 0:31:02]} Kd5 {[%clk 0:18:48]} 45. Kg5 {[%clk 0:30:14]} Kd4
{[%clk 0:19:12]} 46. f4 {[%clk 0:30:39]} Kc3 {[%clk 0:19:39]} 47. f5
{[%clk 0:31:04]} Kxb3 {[%clk 0:20:07]} 48. f6 {[%clk 0:31:18]} Ka2
{[%clk 0:20:02]} 49. f7 {[%clk 0:31:37]} b3 {[%clk 0:20:30]} 50. f8=Q
{[%clk 0:28:45]} b2 {[%clk 0:20:56]} 51. Qg8+ {[%clk 0:28:27]} Ka1
{[%clk 0:21:21]} 52. Qxh7 {[%clk 0:28:10]} b1=Q {[%clk 0:21:45]} 53. Qxb1+
{[%clk 0:28:31]} Kxb1 {[%clk 0:22:12]} 54. h4 {[%clk 0:28:53]} 1-0

[Event "msr2018"]
[Site "?"]
[Date "2018.04.24"]
[Round "6.5"]
[White "Brnusak, Andrej"]
[Black "Bango, Lukas"]
[Result "0-1"]
[BlackElo "2127"]
[WhiteElo "1884"]
[LiveChessVersion "1.4.8"]

1. e4 {[%clk 1:30:55]} d6 {[%clk 1:27:43]} 2. d4 {[%clk 1:30:55]} Nf6
{[%clk 1:28:07]} 3. Nc3 {[%clk 1:30:54]} g6 {[%clk 1:28:28]} 4. Nf3
{[%clk 1:30:02]} Bg7 {[%clk 1:28:54]} 5. Bc4 {[%clk 1:29:55]} O-O
{[%clk 1:27:33]} 6. O-O {[%clk 1:30:12]} Nbd7 {[%clk 1:25:12]} 7. h3
{[%clk 1:27:32]} c6 {[%clk 1:24:59]} 8. Bb3 {[%clk 1:26:48]} e5 {[%clk 1:21:54]}
9. dxe5 {[%clk 1:24:26]} dxe5 {[%clk 1:21:57]} 10. Be3 {[%clk 1:23:37]} Qc7
{[%clk 1:18:27]} 11. Qe2 {[%clk 1:19:55]} b5 {[%clk 1:17:45]} 12. a3
{[%clk 1:17:44]} a5 {[%clk 1:14:36]} 13. Nh2 {[%clk 1:11:52]} Ba6
{[%clk 1:13:43]} 14. Nb1 {[%clk 1:07:27]} Nxe4 {[%clk 1:12:56]} 15. Nd2
{[%clk 1:05:50]} Nxd2 {[%clk 1:12:16]} 16. Bxd2 {[%clk 1:04:30]} Nc5
{[%clk 1:08:25]} 17. Ba2 {[%clk 1:01:53]} Rae8 {[%clk 1:05:40]} 18. Ng4
{[%clk 0:57:59]} Kh8 {[%clk 1:04:38]} 19. b4 {[%clk 0:53:56]} Nb7
{[%clk 1:04:19]} 20. c4 {[%clk 0:48:22]} f5 {[%clk 0:57:22]} 21. Ne3
{[%clk 0:46:53]} f4 {[%clk 0:53:25]} 22. Ng4 {[%clk 0:44:17]} e4 {[%clk 0:52:52]}
23. Rac1 {[%clk 0:43:57]} Nd6 {[%clk 0:53:11]} 24. c5 {[%clk 0:42:14]} Nf5
{[%clk 0:53:19]} 25. Bc3 {[%clk 0:40:41]} h5 {[%clk 0:52:37]} 26. Bxg7+
{[%clk 0:39:01]} Qxg7 {[%clk 0:53:00]} 27. Nh2 {[%clk 0:39:03]} axb4
{[%clk 0:52:44]} 28. axb4 {[%clk 0:39:16]} Bc8 {[%clk 0:52:54]} 29. Qd2
{[%clk 0:35:54]} Nd4 {[%clk 0:32:49]} 30. Kh1 {[%clk 0:34:45]} f3
{[%clk 0:32:12]} 31. Rcd1 {[%clk 0:30:57]} fxg2+ {[%clk 0:31:59]} 32. Kxg2
{[%clk 0:31:17]} Nf5 {[%clk 0:32:05]} 33. Qg5 {[%clk 0:30:12]} Qb2
{[%clk 0:31:10]} 34. Qd2 {[%clk 0:28:36]} Qf6 {[%clk 0:24:29]} 35. Kh1
{[%clk 0:26:37]} e3 {[%clk 0:24:14]} 0-1

[Event "msr2018"]
[Site "?"]
[Date "2018.04.24"]
[Round "6.6"]
[White "Stauder, Matej"]
[Black "Varga, Lukas"]
[Result "0-1"]
[BlackElo "1962"]
[WhiteElo "1881"]
[LiveChessVersion "1.4.8"]

1. d4 {[%clk 1:30:53]} Nf6 {[%clk 1:25:40]} 2. Nf3 {[%clk 1:31:08]} g6
{[%clk 1:25:48]} 3. Bf4 {[%clk 1:31:06]} c5 {[%clk 1:20:33]} 4. c3
{[%clk 1:27:59]} b6 {[%clk 1:17:33]} 5. Nbd2 {[%clk 1:21:38]} Ba6
{[%clk 1:12:48]} 6. dxc5 {[%clk 1:20:58]} bxc5 {[%clk 1:12:25]} 7. Qa4
{[%clk 1:20:45]} Bb7 {[%clk 1:09:29]} 8. e3 {[%clk 1:17:29]} Bg7 {[%clk 1:03:42]}
9. Qb3 {[%clk 1:15:32]} Qb6 {[%clk 1:02:43]} 10. Qxb6 {[%clk 1:15:33]} axb6
{[%clk 1:02:38]} 11. Bc4 {[%clk 1:10:57]} d6 {[%clk 0:58:47]} 12. O-O
{[%clk 1:08:02]} Nh5 {[%clk 0:55:41]} 13. Bg3 {[%clk 1:02:44]} Nxg3
{[%clk 0:55:15]} 14. fxg3 {[%clk 0:58:51]} O-O {[%clk 0:53:00]} 15. e4
{[%clk 0:58:56]} Nd7 {[%clk 0:49:57]} 16. Rae1 {[%clk 0:56:44]} Ba6
{[%clk 0:42:50]} 17. a3 {[%clk 0:41:50]} Bxc4 {[%clk 0:35:37]} 18. Nxc4
{[%clk 0:42:12]} b5 {[%clk 0:34:43]} 19. Ne3 {[%clk 0:42:17]} Rfb8
{[%clk 0:30:38]} 20. Nd5 {[%clk 0:41:22]} e6 {[%clk 0:30:42]} 21. Ne7+
{[%clk 0:38:35]} Kf8 {[%clk 0:29:59]} 22. Nc6 {[%clk 0:37:40]} Rb6
{[%clk 0:28:35]} 23. Ng5 {[%clk 0:37:44]} Bf6 {[%clk 0:24:24]} 24. Nxh7+
{[%clk 0:33:17]} Kg7 {[%clk 0:24:34]} 25. Nxf6 {[%clk 0:33:40]} Nxf6
{[%clk 0:24:30]} 26. Ne7 {[%clk 0:32:41]} Re8 {[%clk 0:24:13]} 27. e5
{[%clk 0:29:04]} dxe5 {[%clk 0:23:35]} 28. Nxg6 {[%clk 0:29:28]} Kxg6
{[%clk 0:22:38]} 29. Rxe5 {[%clk 0:29:49]} Nd7 {[%clk 0:20:16]} 30. Re4
{[%clk 0:28:48]} f5 {[%clk 0:19:49]} 31. Ref4 {[%clk 0:29:11]} Nf6
{[%clk 0:17:35]} 32. h3 {[%clk 0:29:04]} Nd5 {[%clk 0:13:35]} 33. R4f3
{[%clk 0:29:18]} Rf8 {[%clk 0:11:55]} 34. g4 {[%clk 0:29:24]} f4 {[%clk 0:11:52]}
35. g3 {[%clk 0:29:05]} e5 {[%clk 0:11:54]} 36. Rd3 {[%clk 0:28:54]} Ne7
{[%clk 0:10:41]} 37. Rd7 {[%clk 0:27:36]} Re6 {[%clk 0:09:29]} 38. Rb7
{[%clk 0:27:35]} f3 {[%clk 0:08:25]} 39. Kf2 {[%clk 0:22:48]} e4 {[%clk 0:08:30]}
40. Rd7 {[%clk 0:22:33]} e3+ {[%clk 0:07:38]} 41. Ke1 {[%clk 0:22:53]} c4
{[%clk 0:06:46]} 42. Rd4 {[%clk 0:22:57]} Nc6 {[%clk 0:05:52]} 43. Rf4
{[%clk 0:22:12]} f2+ {[%clk 0:05:35]} 44. Ke2 {[%clk 0:22:30]} Rd8
{[%clk 0:05:51]} 45. h4 {[%clk 0:19:24]} Rd2+ {[%clk 0:05:34]} 46. Kf3
{[%clk 0:19:47]} e2 {[%clk 0:05:08]} 47. h5+ {[%clk 0:20:00]} Kg7
{[%clk 0:04:47]} 0-1

[Event "msr2018"]
[Site "?"]
[Date "2018.04.24"]
[Round "6.7"]
[White "Steiniger, Florian"]
[Black "Durica, Adam"]
[Result "0-1"]
[BlackElo "1890"]
[WhiteElo "1777"]
[LiveChessVersion "1.4.8"]

1. e4 {[%clk 1:30:57]} d6 {[%clk 1:30:48]} 2. d4 {[%clk 1:31:17]} Nf6
{[%clk 1:31:05]} 3. Nc3 {[%clk 1:31:35]} c6 {[%clk 1:31:24]} 4. f4
{[%clk 1:31:45]} Qa5 {[%clk 1:31:24]} 5. Bd3 {[%clk 1:30:39]} e5 {[%clk 1:31:32]}
6. dxe5 {[%clk 1:29:18]} dxe5 {[%clk 1:31:53]} 7. fxe5 {[%clk 1:28:40]} Qxe5
{[%clk 1:32:16]} 8. Nf3 {[%clk 1:29:00]} Qc7 {[%clk 1:32:24]} 9. O-O
{[%clk 1:28:26]} Bc5+ {[%clk 1:31:55]} 10. Kh1 {[%clk 1:28:44]} O-O
{[%clk 1:30:12]} 11. e5 {[%clk 1:25:16]} Nd5 {[%clk 1:29:06]} 12. Nxd5
{[%clk 1:21:25]} cxd5 {[%clk 1:29:22]} 13. Bxh7+ {[%clk 1:17:57]} Kh8
{[%clk 1:29:46]} 14. Ng5 {[%clk 1:16:24]} g6 {[%clk 1:29:39]} 15. Qf3
{[%clk 1:15:53]} Qe7 {[%clk 1:28:55]} 16. Qg3 {[%clk 1:11:35]} Qd7
{[%clk 1:14:01]} 17. Qh4 {[%clk 1:08:41]} Qg4 {[%clk 1:14:25]} 18. Qh6
{[%clk 1:07:52]} Qh5 {[%clk 1:14:01]} 19. Qxh5 {[%clk 1:01:25]} gxh5
{[%clk 1:14:21]} 20. Bd3 {[%clk 1:01:35]} Kg7 {[%clk 1:11:56]} 21. Bf4
{[%clk 0:56:08]} Nc6 {[%clk 1:09:45]} 22. Rf3 {[%clk 0:53:55]} Bg4
{[%clk 1:10:04]} 23. Rff1 {[%clk 0:52:53]} Rae8 {[%clk 1:06:30]} 24. h3
{[%clk 0:51:48]} Nxe5 {[%clk 1:02:14]} 25. hxg4 {[%clk 0:34:51]} Nxd3
{[%clk 1:02:33]} 26. cxd3 {[%clk 0:34:40]} hxg4 {[%clk 1:02:57]} 27. g3
{[%clk 0:33:05]} Rh8+ {[%clk 1:03:22]} 0-1

[Event "msr2018"]
[Site "?"]
[Date "2018.04.24"]
[Round "6.8"]
[White "Gzib, David"]
[Black "Antal, Jakub"]
[Result "1/2-1/2"]
[BlackElo "1801"]
[WhiteElo "1923"]
[LiveChessVersion "1.4.8"]

1. e4 {[%clk 1:30:56]} c5 {[%clk 1:26:18]} 2. Nf3 {[%clk 1:31:16]} Nc6
{[%clk 1:26:22]} 3. d4 {[%clk 1:31:37]} cxd4 {[%clk 1:26:38]} 4. Nxd4
{[%clk 1:32:05]} g6 {[%clk 1:26:42]} 5. c4 {[%clk 1:32:08]} Nf6 {[%clk 1:26:21]}
6. Nc3 {[%clk 1:32:05]} d6 {[%clk 1:25:36]} 7. Nc2 {[%clk 1:32:08]} Bg7
{[%clk 1:24:39]} 8. Be2 {[%clk 1:32:03]} O-O {[%clk 1:23:24]} 9. Be3
{[%clk 1:30:39]} Nd7 {[%clk 1:11:14]} 10. Nd4 {[%clk 1:25:31]} Nc5
{[%clk 1:04:57]} 11. O-O {[%clk 1:23:14]} Nxd4 {[%clk 0:41:14]} 12. Bxd4
{[%clk 1:23:41]} Bxd4 {[%clk 0:41:01]} 13. Qxd4 {[%clk 1:24:08]} a5
{[%clk 0:39:55]} 14. f4 {[%clk 1:15:17]} Bd7 {[%clk 0:35:20]} 15. f5
{[%clk 1:14:04]} f6 {[%clk 0:25:22]} 16. fxg6 {[%clk 1:06:24]} hxg6
{[%clk 0:25:32]} 17. Rf3 {[%clk 1:05:24]} Kg7 {[%clk 0:22:01]} 18. Rg3
{[%clk 1:02:09]} Rh8 {[%clk 0:17:31]} 19. Bd3 {[%clk 0:42:31]} Rh6
{[%clk 0:15:45]} 20. Bc2 {[%clk 0:34:42]} Be6 {[%clk 0:15:16]} 21. Nd5
{[%clk 0:33:21]} Bxd5 {[%clk 0:14:37]} 22. exd5 {[%clk 0:33:08]} Qb6
{[%clk 0:13:46]} 23. Re1 {[%clk 0:28:53]} Kf7 {[%clk 0:12:11]} 24. Rge3
{[%clk 0:26:53]} Re8 {[%clk 0:11:21]} 25. b3 {[%clk 0:23:54]} Nd7
{[%clk 0:10:18]} 26. Qf4 {[%clk 0:16:11]} Reh8 {[%clk 0:07:16]} 27. Qg4
{[%clk 0:14:54]} Ne5 {[%clk 0:05:42]} 28. Qe6+ {[%clk 0:15:16]} Ke8
{[%clk 0:04:58]} 29. h3 {[%clk 0:10:50]} Qc5 {[%clk 0:02:57]} 30. Kf1
{[%clk 0:08:14]} b6 {[%clk 0:02:13]} 31. Rf3 {[%clk 0:04:18]} Kd8
{[%clk 0:01:32]} 32. Rfe3 {[%clk 0:01:41]} Qc7 {[%clk 0:01:20]} 33. Rd1
{[%clk 0:00:39]} Qc5 {[%clk 0:01:14]} 34. Rde1 {[%clk 0:00:47]} Qc7
{[%clk 0:01:28]} 35. Rd1 {[%clk 0:01:04]} Qc5 {[%clk 0:01:47]} 36. Rde1
{[%clk 0:00:44]} 1/2-1/2

[Event "msr2018"]
[Site "?"]
[Date "2018.04.24"]
[Round "6.9"]
[White "Turcan, Richard"]
[Black "Zetocha, Adrian"]
[Result "1/2-1/2"]
[BlackElo "2094"]
[WhiteElo "2171"]
[LiveChessVersion "1.4.8"]

1. d4 {[%clk 1:30:40]} d5 {[%clk 1:30:40]} 2. Bf4 {[%clk 1:29:46]} e6
{[%clk 1:29:35]} 3. e3 {[%clk 1:29:34]} Nf6 {[%clk 1:24:08]} 4. Nf3
{[%clk 1:27:47]} Be7 {[%clk 1:22:55]} 5. c3 {[%clk 1:27:15]} Nh5 {[%clk 1:19:34]}
6. Be5 {[%clk 1:22:33]} f6 {[%clk 1:18:42]} 7. Nfd2 {[%clk 1:10:07]} g6
{[%clk 1:18:57]} 8. Bg3 {[%clk 1:10:26]} Nxg3 {[%clk 1:15:41]} 9. hxg3 f5
{[%clk 1:15:57]} 10. Bd3 {[%clk 1:09:10]} Nd7 {[%clk 1:13:17]} 11. f4
{[%clk 1:03:52]} c5 {[%clk 0:51:23]} 12. Nf3 {[%clk 0:58:54]} c4 {[%clk 0:48:45]}
13. Bc2 {[%clk 0:52:59]} b5 {[%clk 0:48:54]} 14. a3 {[%clk 0:49:15]} a5
{[%clk 0:49:04]} 15. Nbd2 {[%clk 0:48:35]} Bb7 {[%clk 0:46:38]} 16. Rh6
{[%clk 0:44:53]} Kf8 {[%clk 0:42:58]} 17. Ke2 {[%clk 0:40:42]} Kg8
{[%clk 0:38:19]} 18. Qh1 {[%clk 0:36:23]} Bf8 {[%clk 0:34:20]} 19. Rh4
{[%clk 0:34:04]} Be7 {[%clk 0:28:52]} 20. Rh6 {[%clk 0:33:24]} Bf6
{[%clk 0:26:54]} 21. Qh2 {[%clk 0:21:54]} Bg7 {[%clk 0:26:58]} 22. Rh3
{[%clk 0:20:36]} Qe7 {[%clk 0:25:18]} 23. Rh1 {[%clk 0:17:46]} h5
{[%clk 0:24:56]} 24. Nh4 {[%clk 0:16:36]} Kf7 {[%clk 0:24:10]} 25. Nhf3
{[%clk 0:14:21]} Bh6 {[%clk 0:20:36]} 26. Rb1 {[%clk 0:12:17]} b4
{[%clk 0:18:25]} 27. Ba4 {[%clk 0:11:58]} Kg7 {[%clk 0:13:50]} 28. Bxd7
{[%clk 0:11:13]} Qxd7 {[%clk 0:14:10]} 29. Qg1 {[%clk 0:11:21]} Rhb8
{[%clk 0:13:44]} 30. Ne5 {[%clk 0:11:18]} Qe8 {[%clk 0:14:06]} 31. Rh1
{[%clk 0:07:23]} Bc6 {[%clk 0:13:33]} 32. Nxc6 {[%clk 0:03:43]} Qxc6
{[%clk 0:13:51]} 33. axb4 {[%clk 0:03:28]} axb4 {[%clk 0:13:11]} 34. Ra1
{[%clk 0:03:26]} Kf6 {[%clk 0:10:42]} 35. Rxa8 {[%clk 0:01:51]} Rxa8
{[%clk 0:11:00]} 36. Qb1 {[%clk 0:01:50]} Bf8 {[%clk 0:11:03]} 37. Rc1
{[%clk 0:00:51]} Qb5 {[%clk 0:10:47]} 38. Ke1 {[%clk 0:00:37]} Be7
{[%clk 0:10:24]} 39. Kf2 {[%clk 0:00:35]} Bd8 {[%clk 0:10:17]} 40. Ke1
{[%clk 0:00:34]} Ba5 {[%clk 0:09:31]} 41. Qa2 {[%clk 0:26:24]} Rh8
{[%clk 0:40:00]} 42. Nf3 {[%clk 0:19:51]} Ra8 {[%clk 0:33:17]} 43. Nd2
{[%clk 0:19:30]} g5 {[%clk 0:31:48]} 44. Ra1 {[%clk 0:18:22]} gxf4
{[%clk 0:23:10]} 45. exf4 {[%clk 0:16:38]} Ra7 {[%clk 0:14:53]} 46. Qa4
{[%clk 0:13:51]} Qb8 {[%clk 0:15:15]} 47. Ke2 {[%clk 0:10:32]} h4
{[%clk 0:12:13]} 48. gxh4 {[%clk 0:08:30]} bxc3 {[%clk 0:11:29]} 49. bxc3
{[%clk 0:08:31]} Qxf4 {[%clk 0:09:29]} 50. Qe8 {[%clk 0:06:40]} Bxc3
{[%clk 0:04:58]} 51. Qf8+ {[%clk 0:05:27]} Rf7 {[%clk 0:04:34]} 1/2-1/2